Child friendliest countries - Statistics

General Stats
  • This quiz has been taken 169 times
  • The average score is 8 of 10
Answer Stats
Ranking Country % Correct
#5 France
90%
#9 United Kingdom
88%
#3 Germany
84%
#6 Canada
82%
#8 Norway
82%
#2 Spain
81%
#4 Italy
79%
#10 Netherlands
71%
#1 Japan
68%
#7 Switzerland
65%
No matching quizzes found
Score Distribution
Percent of People with Each Score
Percentile by Number Answered
Your Score History
You have not taken this quiz